Giáo trình vi sinh học
Mở đầu đối tượng nhiệm vụ và phương pháp nghiên cứu của vi sinh học. Vi sinh vật nhân sơ. Vi sinh vật nhân chuẩn. Virút. Sự chuyển hóa các chất và các quá trình lên men. Vi khuẩn quang hợp và vi khuẩn cố định Nitơ. Đại cương về bệnh truyền nhiễm và miễn dịch. Đại cương về di truyền - biến dị ở sinh...
Kaydedildi:
| Yazar: | |
|---|---|
| Diğer Yazarlar: | |
| Materyal Türü: | Kitap |
| Dil: | Vietnamese |
| Baskı/Yayın Bilgisi: |
H.
Đại học Sư phạm
2008
|
| Edisyon: | Tái bản lần thứ nhất |
| Konular: | |
| Etiketler: |
Etiketle
Etiket eklenmemiş, İlk siz ekleyin!
|
| Thư viện lưu trữ: | Mạng thư viện Đại học Đà Nẵng |
|---|
| LEADER | 01600nam a2200349 4500 | ||
|---|---|---|---|
| 001 | 000024058 | ||
| 003 | 20537 | ||
| 005 | 20160928080934.0 | ||
| 008 | 160927s2008 viesd | ||
| 020 | |c 60000 | ||
| 041 | 0 | |a vie | |
| 082 | 1 | 4 | |a 571.2 |b NG-Đ |
| 100 | 1 | |a Nguyễn Thành Đạt | |
| 245 | 1 | 0 | |a Giáo trình vi sinh học |c Nguyễn Thành Đạt (ch.b), Mai Thị Hằng |
| 250 | |a Tái bản lần thứ nhất | ||
| 260 | |a H. |b Đại học Sư phạm |c 2008 | ||
| 300 | |a 364 tr. |b hình ảnh |c 24 cm. | ||
| 500 | |a ĐTTS ghi: Bộ giáo dục và đào tạo. Dự án đào tạo giáo viên THCS. | ||
| 520 | 3 | |a Mở đầu đối tượng nhiệm vụ và phương pháp nghiên cứu của vi sinh học. Vi sinh vật nhân sơ. Vi sinh vật nhân chuẩn. Virút. Sự chuyển hóa các chất và các quá trình lên men. Vi khuẩn quang hợp và vi khuẩn cố định Nitơ. Đại cương về bệnh truyền nhiễm và miễn dịch. Đại cương về di truyền - biến dị ở sinh vật. | |
| 650 | 0 | 4 | |a Vi sinh học |v Giáo trình |
| 653 | |a Vi sinh vật | ||
| 700 | 1 | |a Mai Thị Hằng | |
| OWN | |a LSP | ||
| AVA | |a UDN50 |b LSP |d 571.2 NG-Đ |e available |t Error 5001 Not defined in file expand_doc_bib_avail. |f 10 |g 5 |h N |i 31 |k 1 | ||
| 999 | |a From the UDN01 | ||
| AVA | |a UDN50 |b LSP |d 571.2 NG-Đ |e available |t Error 5001 Not defined in file expand_doc_bib_avail. |f 10 |g 5 |h N |i 31 |k 1 | ||
| TYP | |a Monograph | ||
| TYP | |a Printed language | ||
| 980 | |a Mạng thư viện Đại học Đà Nẵng | ||